00957nam a2200217 a 450000100100000000500170001000800410002702000150006804000250008310000380010824501530014626000270029930000280032649000450035450400320039950400730043171000610050483000520056595201050061799900170072200004199120201002035854.0131017s1992 sp a 000 0 spa d a840007291x aDO-SdBNPbspacBNPHU1 aVega Ramos, María José96893214aEl secreto del artificio :bQualitas Sonorum, maranolatría y tradición pontaniana en la poética del renacimiento /cMaría José Vega Ramos. aMadrid :bCSIC,c1992. a383 p. :bil. ;c25 cm.1 aBiblioteca de filología hispánicav8 aBibliografía : p. 357-383 aIncluye referencias bibliográficas y notas al pie de las páginas2 aConsejo Superior de Investigaciones Científicas,94786 0aBiblioteca de filología hispánicav8967489 001050718MOaGRbGRcCTd2013-10-29iLF1l0o p41991-10r2020-06-25w2020-06-25y1ZNo se presta c41480d41480